Movie Pie Charts Quiz Stats

 Plays Quiz Updated Nov 13, 2018

Challenge
Share
Tweet
Score 0/12 Timer 04:00
5 Plays Today
Pie Chart Movie % Correct
Methods Of Entering MordorThe Lord Of The Rings: The Fellowship of the Ring
87.9%
Where I Think We AreThe Wizard Of Oz
85.4%
Pill OptionsThe Matrix
70.1%
Famous?Almost Famous
60.7%
Relative SizeBig Trouble In Little China
52.6%
IngredientsSoylent Green
38.6%
Things I GiveGone With The Wind
32.8%
Things We Talk AboutFight Club
19.9%
Parrot StatusAnd Now for Something Completely Different
7.1%
Composition Of TelevisionNetwork
5.8%
How The Night Will Be SpentSwingers
5.1%
Who Thanks YouYankee Doodle Dandy
3.5%

You're not logged in!

Compare scores with friends on all Sporcle quizzes.
OR
Log In

You Might Also Like...

Show Comments

Extras

Top Quizzes Today


Score Distribution

Your Account Isn't Verified!

In order to create a playlist on Sporcle, you need to verify the email address you used during registration. Go to your Sporcle Settings to finish the process.

Report this User

Report this user for behavior that violates our Community Guidelines.

Details: